000 01029nam a2200241 i 4500
001 51251
003 ES-MaACL
005 20250404173228.0
007 t|
008 030812s1951 sp ||||1| spa d
100 1 _aCharlo, Ramón.
_938088
245 1 0 _aSevilla en cuerpo y alma /
_cRamón Charlo.
260 _a[S.l. :
_bs.n.,
_c1951] (
_eSevilla :
_fGráf. Sevillanas)
300 _a98 p. :
_bretr. aut. ;
_c23 cm.
510 _aCCPB,
_c001286702-0
650 7 _9143023
_aPoesía española-
_zSevilla-
_xHistoria y crítica
852 _aES-MaACL
_jD-6547
_bR.31027
_bR.M.6138
_cSVI
_fSello en tinta azul de la Biblioteca del Ateneo de Madrid
_953204
_hSello en tinta azul: "Donativo del Excmo. Sr. D. Pedro Rocamora para la Biblioteca del Ateneo de Madrid"
903 _9156813
_aRocamora, Pedro,
_d1910-1993
_ednr
_q1
942 _2udc
_cMONOGRAFIA
999 _c51251
_d51251